| 000 | 01721nam a2200337 i 4500 | ||
|---|---|---|---|
| 001 | 000027446 | ||
| 003 | DO-SdBNP | ||
| 005 | 20250116073944.0 | ||
| 007 | ta | ||
| 008 | 110331s1993 dr acd f001 0 spa d | ||
| 040 |
_aDO-SdBNP _bspa _cBNPHU _erda |
||
| 082 | 4 |
_a379.7293 _bC749m _222 |
|
| 111 | 1 |
_aCongreso Nacional del Plan Decenal de Educación _d(1992: 2-4 diciembre _cSanto Domingo, República Dominicana) _954513 |
|
| 245 | 1 | 0 | _aMemorias del Congreso Nacional del Plan Decenal. |
| 264 |
_aSanto Domingo : _bde Colores, _c1993. |
||
| 300 |
_a242 páginas : _bilustraciones, gráficos, retratos, tablas ; _c24 cm. |
||
| 336 |
_2rdacontent _atexto _btxt |
||
| 337 |
_2rdamedia _asin mediación _bn |
||
| 338 |
_2rdacarrier _avolumen _bnc |
||
| 490 |
_aA _aDocumento _v6 |
||
| 505 | 0 |
_aIntroducción -- _tUn proceso de toma de conciencia -- _tPreparando el gran encuentro por la educación y la patria -- _tEl sonido de las campañas anuncian el gran compromiso -- _tComo abejas construyendo el panal -- _tEl compromiso -- _tLa cultura popular se eleva a lo nacional -- _tEl final de un nuevo comienzo -- _gAnexos. |
|
| 590 | _aInventariado, 2018/ YL | ||
| 650 | 4 |
_aPlanificación educativa _xCongresos, conferencias, etc. _944569 |
|
| 650 | 4 |
_aPlanificación estratégica _92433 |
|
| 650 | 4 |
_aDesarrollo educativo _xCongresos, conferencias, etc. _944570 |
|
| 650 | 4 |
_aPolítica de educacion superior _zRepública Dominicana _xCongresos, conferencias, etc. _944571 |
|
| 650 | 4 |
_aEducación _zRepública Dominicana _xCongresos, conferencias, etc. _935900 |
|
| 710 | 1 |
_aRepública Dominicana. _bSecretaría de Estado de Educación, Bellas Artes y Cultos _923965 |
|
| 910 | _aValidado. Control de calidad EMS | ||
| 942 |
_2ddc _cLBS1 |
||
| 999 |
_c26938 _d26938 |
||